La ruta de los cóndores (Registro nro. 19558)

Detalles MARC
000 -CABECERA
Longitud fija campo de control 00563cam a2200205 i 4500
001 - NÚMERO DE CONTROL
Número de control 1834702
003 - IDENTIFICADOR DELl NÚMERO DE CONTROL
Identificador del número de control OSt
005 - FECHA Y HORA DE LA ÚLTIMA TRANSACCIÓN
Fecha y hora de la última transacción 20150313172739.0
008 - CÓDIGOS DE INFORMACIÓN DE LONGITUD FIJA
Códigos de información de longitud fija 800326s1958 mx af 000 0aspa
010 ## - NÚMERO DE CONTROL DE LA BIBLIOTECA DEL CONGRESO
Número de control de LC 80462829
040 ## - FUENTE DE LA CATALOGACIÓN
Centro transcriptor BMC
043 ## - CÓDIGO DE ÁREA GEOGRÁFICA
Código de área geográfica s------
082 ## - NÚMERO DE LA CLASIFICACIÓN DECIMAL DEWEY
Númeroo de clasificación 980
100 1# - PUNTO DE ACCESO PRINCIPAL-NOMBRE DE PERSONA
Nombre de persona Ardón, Juan Ramón
9 (RLIN) 32691
245 13 - MENCIÓN DE TÍTULO
Título La ruta de los cóndores
Resto del título : (estampas de viaje)
Mención de responsabilidad, etc. Juan Ramón Ardón
260 ## - PUBLICACIÓN, DISTRIBUCIÓN, ETC. (PIE DE IMPRENTA)
Lugar de publicación, distribución, etc. México D.F.
Nombre del editor, distribuidor, etc. Editora Latino Americana
Fecha de publicación, distribución, etc. 1958
300 ## - DESCRIPCIÓN FÍSICA
Extensión 273 p.
Otras características físicas il.
Dimensiones 20 cm
651 #4 - PUNTO DE ACCESO ADICIONAL DE MATERIA - NOMBRE GEOGRÁFICO
Nombre geográfico América del Sur
9 (RLIN) 624
942 ## - ENTRADA DE ELEMENTOS AGREGADOS (KOHA)
Fuente de clasificaión o esquema Dewey Decimal Classification
Koha [por defecto] tipo de item 1- Monografias
Parte de clasificación ahoj
Existencias
Suprimido Perdido Fuente de clasificación o esquema Estropeado Restricciones de uso No para préstamo Código de colección Localización permanente Localización actual Localización en estanter&íacute;as Fecha adquisición Fuente de adquisición Número de inventario Préstamos totales Signatura completa Código de barras Fecha última consulta Fecha del precio de reemplazo Tipo de item de Koha
NULL NULL Dewey Decimal Classification NULL Prestable NULL NULL Biblioteca Miguel de Cervantes - UNICAES Biblioteca Miguel de Cervantes - UNICAES Sala Principal 18/03/2015 Donación - Mayorga Rivas 029144   980 ARD rut 1029776 18/03/2015 18/03/2015 1- Monografias